000
00224nam a22001217a 4500
040
_c
HS
082
_a
604
100
_a
MEAS SARITH
245
_a
3D Auto CAD
260
_a
NA
_b
MEAS SARITH
_c
NA
300
_a
47p;
942
_c
KB
999
_c
9433
_d
9433